Statistics for AC Milan - Players to have scored - 2003/04-2014/15

Click here to take the quiz!

General Stats

  • This quiz has been taken 1,073 times
  • The average score is 42 of 78

Answer Stats

PositionNationalityAnswer% Correct
DFItalyPaolo Maldini
96%
FWSwedenZlatan Ibrahimovic
92%
DFItalyAlessandro Nesta
90%
MDBrazilKaka
90%
FWUkraineAndreï Shevchenko
90%
MDItalyAndrea Pirlo
88%
FWItalyFilippo Inzaghi
87%
MDNetherlandsClarence Seedorf
85%
DFBrazilCafu
84%
MDItalyGennaro Gattuso
84%
FWBrazilRonaldinho
79%
MDJapanKeisuke Honda
78%
DFGeorgiaKakha Kaladze
77%
FWBrazilRonaldo
75%
FWBrazilAlexandre Pato
73%
MDEnglandDavid Beckham
73%
FWArgentinaHernan Crespo
73%
FWBrazilRobinho
70%
MDGhanaSulley Muntari
70%
DFNetherlandsJaap Stam
70%
MDItalyMassimo Ambrosini
67%
DFItalyIgnazio Abate
66%
DFColombiaCristian Zapata
66%
FWSpainFernando Torres
65%
MDGhanaKevin-Prince Boateng
65%
DFFrancePhilippe Mexès
64%
DFCzech RepublicMarek Jankulovski
64%
DFBrazilThiago Silva
63%
MDPortugalRui Costa
63%
FWItalyMario Balotelli
62%
FWDenmarkJon Dahl Tomasson
61%
DFItalyAlessandro Costacurta
60%
MDNetherlandsNigel De Jong
59%
MDFranceJérémy Menez
58%
DFBrazilSerginho
58%
FWItalyAlberto Gilardino
56%
MDItalyRiccardo Montolivo
54%
FWNetherlandsKlaas-Jan Huntelaar
54%
DFColombiaMario Yepes
53%
DFItalyGianluca Zambrotta
53%
FWItalyAntonio Cassano
50%
FWItalyStephan El Shaarawy
46%
MDMoroccoAdel Taarabt
46%
DFFranceAdil Rami
45%
FWFranceM'Baye Niang
45%
DFItalyMassimo Oddo
44%
FWItalyChristian Vieri
43%
FWItalyGiampaolo Pazzini
42%
MDItalyGiacomo Bonaventura
42%
DFBrazilAlex
41%
FWItalyMarco Borriello
41%
MDFranceMathieu Flamini
40%
MDItalyAntonio Nocerino
40%
MDSloveniaValter Birsa
39%
MDFranceYoann Gourcuff
37%
MDNetherlandsUrby Emanuelson
37%
DFAlgeriaDjamel Mesbah
36%
FWBrazilRicardo Oliveira
36%
MDItalyAndrea Poli
36%
FWItalyAlessandro Matri
36%
DFItalyLuca Antonini
35%
DFItalyGiuseppe Favalli
35%
FWItalyMattia Destro
35%
MDSierra LeoneRodney Strasser
33%
MDKazakhstanAlexander Merkel
32%
FWSpainBojan Krkic
31%
FWItalyAlberto Paloschi
31%
MDItalyCristian Brocchi
31%
DFItalyLuca Antonelli
31%
MDNetherlandsMarco Van Ginkel
29%
MDItalyAlberto Aquilani
28%
DFItalyGiuseppe Pancaro
27%
FWArgentinaMaxi Lopez
26%
FWItalyAlessio Cerci
25%
FWBrazilMarcio Amoroso
23%
DFItalyCristian Zaccardo
22%
MDItalyBryan Cristante
20%
DFArgentinaMatias Silvestre
17%

Score Distribution

Percentile by Number Answered

Percent of People with Each Score

Your Score History

You have not taken this quiz